| 000 | 00597nam a2200205 4500 | ||
|---|---|---|---|
| 001 | 133074 | ||
| 003 | ES-MaACL | ||
| 005 | 20250722063147.0 | ||
| 007 | t| | ||
| 008 | 070214s1984 sp r ||||1| spa d | ||
| 100 | 1 |
_aRubert de Ventós, Xavier, _d1939- _9100297 |
|
| 245 | 1 | 0 |
_aFilosofía y política / _cXavier Rubert de Ventós. |
| 250 | _a1ª ed. | ||
| 260 |
_aBarcelona : _bPenínsula, _c1984. |
||
| 300 |
_a181 p. ; _c18 cm. |
||
| 490 | 1 | _aEdiciones de bolsillo | |
| 830 | 0 |
_aEdiciones de bolsillo _9180756 |
|
| 852 |
_aES-MaACL _jL-8634 _bR.108425 |
||
| 999 |
_c133074 _d133074 |
||